000 00182 a2200085 4500
041 _aspa
100 _aRosario Aguilar
245 _aLa nią blanca y los pj̀aros sin pies
942 _cBK
999 _c28889
_d28889